Egyetemi tanulmányaikat megkezdő hallgatók tanulási mintázata és tanulói profilja

Számos nemzetközi kutatás foglalkozik azoknak a jellemzőknek az azonosításával, melyek segítségével jobban megérthető az egyetemi lemorzsolódás jelensége. A vizsgálatok többségében a lemorzsolódást magyarázó egyéni jellemzők közül a hallgatók tanulási stratégiái, szokásai, tanulási énképe, motiváció...

Teljes leírás

Elmentve itt :
Bibliográfiai részletek
Szerzők: D. Molnár Éva
Gál Zita
Dokumentumtípus: Cikk
Megjelent: Szegedi Tudományegyetem, Bölcsészet- és Társadalomtudományi Kar Szeged 2019
Sorozat:Iskolakultúra 29 No. 1
Kulcsszavak:Pedagógia
doi:10.14232/ISKKULT.2019.1.29

Online Access:http://misc.bibl.u-szeged.hu/46462
LEADER 03071nab a2200217 i 4500
001 misc46462
005 20191125115019.0
008 191125s2019 hu o 0|| zxx d
022 |a 1215-5233 
024 7 |a 10.14232/ISKKULT.2019.1.29  |2 doi 
040 |a SZTE Miscellanea Repozitórium  |b hun 
041 |a zxx 
100 2 |a D. Molnár Éva 
245 1 0 |a Egyetemi tanulmányaikat megkezdő hallgatók tanulási mintázata és tanulói profilja  |h [elektronikus dokumentum] /  |c  D. Molnár Éva 
260 |a Szegedi Tudományegyetem, Bölcsészet- és Társadalomtudományi Kar  |b Szeged  |c 2019 
300 |a 29-41 
490 0 |a Iskolakultúra  |v 29 No. 1 
520 3 |a Számos nemzetközi kutatás foglalkozik azoknak a jellemzőknek az azonosításával, melyek segítségével jobban megérthető az egyetemi lemorzsolódás jelensége. A vizsgálatok többségében a lemorzsolódást magyarázó egyéni jellemzők közül a hallgatók tanulási stratégiái, szokásai, tanulási énképe, motivációja és a tanuláshoz való hozzáállásuk kerül középpontba. Kutatásunkban a Szegedi Tudományegyetem bemeneti kompetenciamérésének keretében vizsgáltuk az egyetemre belépő elsőéves hallgatók egyéni jellemzőit. Vizsgálatunkban 1359 fő egyetemi tanulmányaikat megkezdő hallgató vett részt. A hallgatók tanulási stratégiáit, motívumait és attitűdjeit a saját fejlesztésű TAMS – Tanulási attitűdök, motívumok és stratégiák kérdőívcsomaggal mértük. Az eredmények alapján az egyetemre belépő hallgatók nagy arányban (74%) magas szinten használják a memorizálás stratégiáját, ugyanakkor a segítségkérés (69%-ukra), tervezés (60%-ukra) is jellemző tanulásukra, továbbá pozitív motivációs mintázatot mutatnak (elsajátítási motívum magas szintje 86%-ra, az akadémiai önhatékonyság magas szintje 71%-ra, a másokkal való együttműködés 82%-ra jellemző). Eredményeink szerint a magabiztosságon alapuló fejlődésre törekvés pozitív összefüggéseket mutat a bemeneti mérés során vizsgált kognitív képességekkel és a felvételi pontszámmal. A tanulói mintázatok alapján a lemorzsolódás szempontjából főként azon tanulói csoportok lehetnek veszélyeztetettek, akik rosszul tanulnak (magas maladaptív tanulási attitűddel rendelkeznek, miközben alacsony az erőfeszítéses tanulásuk, a fejlődésre törekvésük és az együttműködésük is). Mindemellett a hallgatók 17%ra jellemző „lézengők” csoportja is külön figyelmet igényel, akiket a tanulás nem, csak a társas együttlét, a másokkal való jó kapcsolat motivál valamennyire. Kutatásunk céljának megfelelően feltártuk a tanulmányaikat megkezdő hallgatók tanulási és tanulói mintázatait, azonosítottuk a lemorzsolódás szempontjából veszélyeztetett csoportokat, ami a tanulásfejlesztés terén jelölhet ki feladatokat a jövőben. 
695 |a Pedagógia 
700 0 1 |a Gál Zita  |e aut 
856 4 0 |u http://misc.bibl.u-szeged.hu/46462/1/iskolakultura_2019_01_029-041.pdf  |z Dokumentum-elérés